[Event "Russian Rapid Championship (m)"]
[Site "Sochi"]
[Date "2022.10.15"]
[Round "3.9"]
[White "Pridorozhni, Aleksei"]
[Black "Nevostrujev, Vladimir"]
[Result "0-1"]
[BlackElo "2375"]
[WhiteElo "2538"]
[LiveChessVersion "1.4.8"]

1. e4 {[%clk 0:14:24]} c5 {[%clk 0:15:24]} 2. Nc3 {[%clk 0:14:32]} a6
{[%clk 0:15:00]} 3. f4 {[%clk 0:14:23]} b5 {[%clk 0:14:57]} 4. d4
{[%clk 0:14:10]} cxd4 {[%clk 0:14:31]} 5. Qxd4 {[%clk 0:14:17]} e6
{[%clk 0:14:31]} 6. a3 {[%clk 0:14:06]} Bb7 {[%clk 0:13:27]} 7. Nf3
{[%clk 0:14:04]} Qc7 {[%clk 0:12:50]} 8. Bd3 {[%clk 0:14:01]} Nf6
{[%clk 0:12:44]} 9. Qf2 {[%clk 0:13:56]} d5 {[%clk 0:11:25]} 10. exd5
{[%clk 0:13:52]} Bc5 {[%clk 0:10:59]} 11. Qg3 {[%clk 0:13:33]} O-O
{[%clk 0:10:26]} 12. dxe6 {[%clk 0:12:58]} Re8 {[%clk 0:10:09]} 13. Bd2
{[%clk 0:11:58]} Rxe6+ {[%clk 0:10:00]} 14. Ne5 {[%clk 0:11:49]} Nbd7
{[%clk 0:08:45]} 15. O-O-O {[%clk 0:11:55]} Nxe5 {[%clk 0:08:24]} 16. fxe5
{[%clk 0:12:03]} Qxe5 {[%clk 0:08:18]} 17. Qh3 {[%clk 0:11:56]} Be3
{[%clk 0:06:46]} 18. Rhf1 {[%clk 0:11:17]} Rae8 {[%clk 0:05:40]} 19. Bf5
{[%clk 0:10:12]} R6e7 {[%clk 0:04:44]} 20. Bxe3 {[%clk 0:10:02]} Qxe3+
{[%clk 0:04:48]} 21. Qxe3 {[%clk 0:10:10]} Rxe3 {[%clk 0:04:56]} 22. g3
{[%clk 0:10:18]} h5 {[%clk 0:03:06]} 23. Rd6 {[%clk 0:09:05]} Ng4
{[%clk 0:02:50]} 24. Rb6 {[%clk 0:07:18]} Nxh2 {[%clk 0:02:26]} 25. Rd1
{[%clk 0:07:09]} Bf3 {[%clk 0:02:23]} 26. Rg1 {[%clk 0:07:15]} g6
{[%clk 0:01:54]} 27. Bd3 {[%clk 0:06:45]} Bg4 {[%clk 0:01:51]} 28. Nd5
{[%clk 0:06:09]} Re1+ {[%clk 0:01:28]} 29. Rxe1 {[%clk 0:06:17]} Rxe1+
{[%clk 0:01:37]} 30. Kd2 {[%clk 0:06:26]} Nf3+ {[%clk 0:01:10]} 31. Kc3
{[%clk 0:06:34]} Rg1 {[%clk 0:01:09]} 32. Rxa6 {[%clk 0:04:30]} Rxg3
{[%clk 0:01:18]} 33. a4 {[%clk 0:04:38]} bxa4 {[%clk 0:01:09]} 34. Rxa4
{[%clk 0:04:46]} Ne5 {[%clk 0:01:07]} 35. b4 {[%clk 0:04:51]} Bf3
{[%clk 0:00:51]} 36. Kd4 {[%clk 0:03:06]} Nxd3 {[%clk 0:01:00]} 37. cxd3
{[%clk 0:03:15]} Rg4+ {[%clk 0:00:54]} 38. Kc5 {[%clk 0:03:16]} Rg5
{[%clk 0:00:57]} 39. Ra8+ {[%clk 0:03:25]} Kg7 {[%clk 0:01:06]} 40. Rd8
{[%clk 0:03:34]} h4 {[%clk 0:01:07]} 41. b5 {[%clk 0:03:37]} Bxd5
{[%clk 0:01:00]} 42. Kd4 0-1

[Event "Russian Rapid Championship (m)"]
[Site "Sochi"]
[Date "2022.10.15"]
[Round "3.10"]
[White "Averin, Nikolay"]
[Black "Afanasiev, Nikita"]
[Result "0-1"]
[BlackElo "2535"]
[WhiteElo "2268"]
[LiveChessVersion "1.4.8"]

1. e4 {[%clk 0:15:19]} g6 {[%clk 0:15:18]} 2. d4 {[%clk 0:15:27]} Bg7
{[%clk 0:15:27]} 3. Nc3 {[%clk 0:15:35]} a6 {[%clk 0:15:36]} 4. h4
{[%clk 0:15:44]} h6 {[%clk 0:15:37]} 5. a4 {[%clk 0:15:13]} d6 {[%clk 0:15:23]}
6. h5 {[%clk 0:14:41]} g5 {[%clk 0:15:31]} 7. Be3 {[%clk 0:14:43]} Nc6
{[%clk 0:15:17]} 8. f3 {[%clk 0:14:19]} f5 {[%clk 0:15:19]} 9. exf5
{[%clk 0:13:40]} Bxf5 {[%clk 0:15:27]} 10. g4 {[%clk 0:13:49]} Bh7
{[%clk 0:14:39]} 11. Bd3 {[%clk 0:02:39]} Nb4 {[%clk 0:14:48]} 12. Bxh7
{[%clk 0:02:22]} Rxh7 {[%clk 0:14:56]} 13. Qe2 {[%clk 0:01:30]} Qd7
{[%clk 0:14:20]} 14. O-O-O {[%clk 0:00:12]} Nf6 {[%clk 0:14:09]} 15. d5
{[%clk 0:00:11]} c6 {[%clk 0:13:59]} 16. dxc6 {[%clk 0:00:13]} Qxc6
{[%clk 0:13:58]} 17. Bd4 {[%clk 0:00:11]} e5 {[%clk 0:12:58]} 18. Bxe5
{[%clk 0:00:19]} dxe5 {[%clk 0:13:05]} 19. Qxe5+ {[%clk 0:00:28]} Kf7
{[%clk 0:12:15]} 20. Qf5 {[%clk 0:00:27]} Qe6 {[%clk 0:11:04]} 21. Qg6+
{[%clk 0:00:35]} Kg8 {[%clk 0:11:13]} 22. Nge2 {[%clk 0:00:29]} Nc6
{[%clk 0:11:19]} 23. Qd3 {[%clk 0:00:12]} Rd8 {[%clk 0:11:14]} 24. Qg6
{[%clk 0:00:15]} Re8 {[%clk 0:10:47]} 25. Rhe1 {[%clk 0:00:24]} Ne5
{[%clk 0:08:35]} 26. Nd4 {[%clk 0:00:17]} Nxg6 {[%clk 0:08:43]} 27. Rxe6
{[%clk 0:00:15]} Nh4 {[%clk 0:08:48]} 28. Rb6 {[%clk 0:00:12]} Bh8
{[%clk 0:08:39]} 29. b4 {[%clk 0:00:11]} Rc8 {[%clk 0:08:32]} 30. Rd3
{[%clk 0:00:13]} Rhc7 {[%clk 0:08:24]} 31. Nce2 {[%clk 0:00:16]} Nd5
{[%clk 0:08:18]} 32. Rxh6 {[%clk 0:00:19]} Nxb4 {[%clk 0:08:27]} 33. Rd2
{[%clk 0:00:22]} Rd7 {[%clk 0:08:08]} 34. Rb6 {[%clk 0:00:17]} Rc4
{[%clk 0:08:03]} 35. Nb3 {[%clk 0:00:15]} Rdc7 {[%clk 0:06:56]} 36. Ned4
{[%clk 0:00:13]} Na2+ {[%clk 0:06:51]} 37. Kb2 {[%clk 0:00:21]} Nc3
{[%clk 0:07:00]} 38. Rd6 {[%clk 0:00:14]} Rc8 {[%clk 0:06:23]} 39. a5
{[%clk 0:00:12]} Nb5 {[%clk 0:06:23]} 40. Rd5 {[%clk 0:00:11]} Nxf3
{[%clk 0:06:31]} 41. Rd3 {[%clk 0:00:17]} Nbxd4 {[%clk 0:06:35]} 42. Nxd4
{[%clk 0:00:25]} Bxd4+ {[%clk 0:06:35]} 43. Kb1 {[%clk 0:00:26]} Rxc2
{[%clk 0:06:29]} 0-1

[Event "Russian Rapid Championship (m)"]
[Site "Sochi"]
[Date "2022.10.15"]
[Round "3.11"]
[White "Alekseev, Evgeny"]
[Black "Gabdushev, Ruslan"]
[Result "1/2-1/2"]
[BlackElo "2262"]
[WhiteElo "2533"]
[LiveChessVersion "1.4.8"]

1. e4 {[%clk 0:15:17]} Nc6 {[%clk 0:15:16]} 2. Nf3 {[%clk 0:15:18]} d6
{[%clk 0:15:25]} 3. d4 {[%clk 0:15:19]} Nf6 {[%clk 0:15:31]} 4. c3
{[%clk 0:15:09]} Bg4 {[%clk 0:13:19]} 5. Nbd2 {[%clk 0:14:47]} e6
{[%clk 0:12:38]} 6. Bd3 {[%clk 0:14:43]} Be7 {[%clk 0:12:32]} 7. Nf1
{[%clk 0:13:11]} e5 {[%clk 0:12:08]} 8. d5 {[%clk 0:13:01]} Nb8 {[%clk 0:12:13]}
9. Ng3 {[%clk 0:12:26]} c6 {[%clk 0:11:36]} 10. c4 {[%clk 0:12:19]} g6
{[%clk 0:10:48]} 11. h3 {[%clk 0:11:54]} Bxf3 {[%clk 0:10:32]} 12. Qxf3
{[%clk 0:12:01]} Nbd7 {[%clk 0:10:34]} 13. O-O {[%clk 0:10:51]} O-O
{[%clk 0:10:21]} 14. Bh6 {[%clk 0:10:11]} Re8 {[%clk 0:10:28]} 15. Rad1
{[%clk 0:10:02]} Bf8 {[%clk 0:09:16]} 16. Bg5 {[%clk 0:09:59]} h6
{[%clk 0:08:54]} 17. Be3 {[%clk 0:09:46]} Qa5 {[%clk 0:08:01]} 18. Bb1
{[%clk 0:09:32]} Qb4 {[%clk 0:07:55]} 19. Qe2 {[%clk 0:09:17]} cxd5
{[%clk 0:07:13]} 20. cxd5 {[%clk 0:09:13]} Rac8 {[%clk 0:06:55]} 21. Rc1
{[%clk 0:08:20]} h5 {[%clk 0:06:04]} 22. Qd2 {[%clk 0:07:46]} Qxd2
{[%clk 0:05:46]} 23. Bxd2 {[%clk 0:07:55]} Nc5 {[%clk 0:05:20]} 24. f3
{[%clk 0:06:45]} Kh7 {[%clk 0:05:12]} 25. Rc4 {[%clk 0:06:15]} b5
{[%clk 0:04:41]} 26. Rc2 {[%clk 0:06:03]} Bh6 {[%clk 0:04:03]} 27. Bxh6
{[%clk 0:04:04]} Kxh6 {[%clk 0:04:12]} 28. b4 {[%clk 0:03:24]} Na4
{[%clk 0:04:08]} 29. Rfc1 {[%clk 0:03:26]} Nb6 {[%clk 0:04:10]} 30. Nf1
{[%clk 0:02:00]} Kg7 {[%clk 0:03:57]} 31. Nd2 {[%clk 0:01:56]} Nfd7
{[%clk 0:03:23]} 32. Rc6 {[%clk 0:01:43]} Nb8 {[%clk 0:02:33]} 33. Rxc8
{[%clk 0:01:39]} Rxc8 {[%clk 0:02:41]} 34. Rxc8 {[%clk 0:01:48]} Nxc8
{[%clk 0:02:50]} 35. h4 {[%clk 0:01:40]} Nb6 {[%clk 0:02:27]} 36. Kf2
{[%clk 0:01:40]} Na6 {[%clk 0:01:54]} 37. a3 {[%clk 0:01:48]} Nc7
{[%clk 0:02:02]} 38. Bd3 {[%clk 0:01:48]} a6 {[%clk 0:02:08]} 39. Ke2
{[%clk 0:01:40]} Na4 {[%clk 0:01:57]} 40. Bc2 {[%clk 0:01:28]} Nb6
{[%clk 0:02:02]} 41. Bd3 {[%clk 0:01:12]} f6 {[%clk 0:02:00]} 42. Nb3
{[%clk 0:01:11]} f5 {[%clk 0:01:31]} 43. Na5 {[%clk 0:00:43]} fxe4
{[%clk 0:01:33]} 44. fxe4 {[%clk 0:00:49]} Kf6 {[%clk 0:01:34]} 45. g3
{[%clk 0:00:46]} Ke7 {[%clk 0:01:10]} 46. Ke3 {[%clk 0:00:48]} Kf6
{[%clk 0:00:51]} 47. Be2 {[%clk 0:00:56]} Na4 {[%clk 0:00:57]} 48. Kd2
{[%clk 0:01:00]} Nb6 {[%clk 0:01:04]} 49. Kc2 {[%clk 0:00:52]} Na4
{[%clk 0:01:07]} 50. Kb3 {[%clk 0:00:54]} Nb6 {[%clk 0:01:17]} 51. Nc6
{[%clk 0:00:59]} Na4 {[%clk 0:01:11]} 52. Kc2 {[%clk 0:00:44]} Nb6
{[%clk 0:01:20]} 53. Kc3 {[%clk 0:00:48]} Kf7 {[%clk 0:01:17]} 54. Na5
{[%clk 0:00:37]} Na4+ {[%clk 0:01:21]} 55. Kc2 {[%clk 0:00:41]} Nb6
{[%clk 0:01:29]} 56. Nb3 {[%clk 0:00:47]} Ke7 {[%clk 0:01:27]} 57. Nd2
{[%clk 0:00:51]} Ne8 {[%clk 0:01:27]} 58. Nb1 {[%clk 0:00:49]} Nf6
{[%clk 0:01:32]} 59. Nc3 {[%clk 0:00:55]} Kd7 {[%clk 0:01:24]} 60. Kd2
{[%clk 0:00:32]} Kc7 {[%clk 0:01:30]} 61. Ke3 {[%clk 0:00:40]} Kb7
{[%clk 0:01:33]} 62. Nb1 {[%clk 0:00:24]} Na4 {[%clk 0:01:35]} 63. Bf3
{[%clk 0:00:19]} 1/2-1/2

[Event "Russian Rapid Championship (m)"]
[Site "Sochi"]
[Date "2022.10.15"]
[Round "3.12"]
[White "Somkin, Kirill"]
[Black "Turov, Maxim"]
[Result "0-1"]
[BlackElo "2528"]
[WhiteElo "2122"]
[LiveChessVersion "1.4.8"]

1. d4 {[%clk 0:15:18]} Nf6 {[%clk 0:15:19]} 2. Nc3 {[%clk 0:15:26]} d5
{[%clk 0:15:25]} 3. Bf4 {[%clk 0:15:34]} e6 {[%clk 0:15:30]} 4. e3
{[%clk 0:15:42]} a6 {[%clk 0:15:35]} 5. g4 {[%clk 0:15:48]} Bb4 {[%clk 0:15:05]}
6. Bg2 {[%clk 0:15:56]} Nbd7 {[%clk 0:14:30]} 7. g5 {[%clk 0:15:35]} Ng8
{[%clk 0:14:05]} 8. Nge2 {[%clk 0:13:51]} Ne7 {[%clk 0:14:04]} 9. a3
{[%clk 0:13:37]} Bd6 {[%clk 0:14:10]} 10. e4 {[%clk 0:12:01]} Bxf4
{[%clk 0:14:01]} 11. Nxf4 {[%clk 0:12:09]} Ng6 {[%clk 0:13:39]} 12. Nxg6
{[%clk 0:08:22]} hxg6 {[%clk 0:13:47]} 13. exd5 {[%clk 0:08:29]} Qxg5
{[%clk 0:13:44]} 14. Qf3 {[%clk 0:08:34]} e5 {[%clk 0:11:41]} 15. d6
{[%clk 0:05:16]} cxd6 {[%clk 0:09:34]} 16. Nd5 {[%clk 0:05:14]} O-O
{[%clk 0:09:11]} 17. h4 {[%clk 0:04:09]} Qh5 {[%clk 0:09:17]} 18. Qxh5
{[%clk 0:03:31]} gxh5 {[%clk 0:09:25]} 19. O-O-O {[%clk 0:03:39]} Rb8
{[%clk 0:07:33]} 20. Ne7+ {[%clk 0:01:35]} Kh7 {[%clk 0:07:41]} 21. dxe5
{[%clk 0:00:50]} Nxe5 {[%clk 0:07:48]} 22. Nxc8 {[%clk 0:00:56]} Rfxc8
{[%clk 0:07:54]} 23. Rxd6 {[%clk 0:01:04]} Rc4 {[%clk 0:07:40]} 24. Bd5
{[%clk 0:00:19]} Rf4 {[%clk 0:07:17]} 25. f3 {[%clk 0:00:12]} b6 {[%clk 0:04:57]}
26. b3 {[%clk 0:00:21]} a5 {[%clk 0:04:51]} 27. Kd2 {[%clk 0:00:30]} Re8
{[%clk 0:04:28]} 28. Rh3 {[%clk 0:00:31]} Ng6 {[%clk 0:04:22]} 29. Be4
{[%clk 0:00:35]} f5 {[%clk 0:04:30]} 30. Bd3 {[%clk 0:00:12]} Nxh4
{[%clk 0:04:17]} 31. Kc3 {[%clk 0:00:15]} g6 {[%clk 0:04:11]} 32. Rxb6
{[%clk 0:00:19]} Nxf3 {[%clk 0:04:18]} 33. b4 {[%clk 0:00:25]} axb4+
{[%clk 0:04:09]} 34. axb4 {[%clk 0:00:34]} Ng5 {[%clk 0:04:09]} 35. Rh1
{[%clk 0:00:39]} Ne4+ {[%clk 0:04:04]} 36. Bxe4 {[%clk 0:00:19]} Rexe4
{[%clk 0:04:08]} 37. b5 {[%clk 0:00:24]} Rc4+ {[%clk 0:04:11]} 38. Kb3
{[%clk 0:00:30]} Rc5 {[%clk 0:04:03]} 39. Rb8 {[%clk 0:00:15]} Rf3+
{[%clk 0:03:55]} 40. Kb2 {[%clk 0:00:24]} f4 {[%clk 0:03:57]} 41. b6
{[%clk 0:00:16]} Rb5+ {[%clk 0:04:04]} 42. Kc1 {[%clk 0:00:22]} Rc3
{[%clk 0:04:10]} 43. Rd1 {[%clk 0:00:26]} f3 {[%clk 0:03:51]} 44. Rd7+
{[%clk 0:00:28]} Kh6 {[%clk 0:04:00]} 45. b7 {[%clk 0:00:33]} f2 {[%clk 0:04:01]}
46. Rf7 {[%clk 0:00:33]} Rc7 {[%clk 0:03:29]} 47. Rh8+ {[%clk 0:00:34]} Kg5
{[%clk 0:03:37]} 48. Rxf2 {[%clk 0:00:28]} Rcxb7 {[%clk 0:03:45]} 49. Rg2+
{[%clk 0:00:20]} Kf6 {[%clk 0:03:50]} 50. Rc8 {[%clk 0:00:15]} R7b6
{[%clk 0:03:50]} 51. Kd2 {[%clk 0:00:13]} h4 {[%clk 0:03:39]} 52. Rh8
{[%clk 0:00:16]} g5 {[%clk 0:03:38]} 53. Kd3 {[%clk 0:00:23]} Rd5+
{[%clk 0:03:23]} 54. Kc4 {[%clk 0:00:30]} Rbd6 {[%clk 0:03:02]} 55. c3
{[%clk 0:00:19]} Rd2 {[%clk 0:02:44]} 56. Rg1 {[%clk 0:00:23]} Rd1
{[%clk 0:02:45]} 57. Rg4 {[%clk 0:00:13]} Kf5 {[%clk 0:02:34]} 58. Rd4
{[%clk 0:00:21]} R6xd4+ {[%clk 0:02:18]} 59. cxd4 {[%clk 0:00:30]} Ke4
{[%clk 0:01:45]} 60. Re8+ {[%clk 0:00:22]} Kf3 {[%clk 0:01:54]} 61. Rh8
{[%clk 0:00:16]} Kg3 {[%clk 0:01:54]} 62. Kd5 {[%clk 0:00:19]} h3
{[%clk 0:01:58]} 63. Ke4 {[%clk 0:00:27]} h2 {[%clk 0:02:02]} 0-1

[Event "Russian Rapid Championship (m)"]
[Site "Sochi"]
[Date "2022.10.15"]
[Round "3.13"]
[White "Iljin, Timofey"]
[Black "Vetokhin, Savva"]
[Result "0-1"]
[BlackElo "2250"]
[WhiteElo "2488"]
[LiveChessVersion "1.4.8"]

1. d4 {[%clk 0:15:19]} Nf6 {[%clk 0:15:18]} 2. c4 {[%clk 0:15:28]} e6
{[%clk 0:15:25]} 3. Nc3 {[%clk 0:15:37]} Bb4 {[%clk 0:15:29]} 4. e3
{[%clk 0:15:45]} d5 {[%clk 0:15:33]} 5. a3 {[%clk 0:15:54]} Bxc3+
{[%clk 0:15:37]} 6. bxc3 {[%clk 0:16:03]} dxc4 {[%clk 0:15:45]} 7. Bxc4
{[%clk 0:16:11]} O-O {[%clk 0:15:53]} 8. Ne2 {[%clk 0:16:15]} c5 {[%clk 0:16:00]}
9. O-O {[%clk 0:16:23]} b6 {[%clk 0:16:08]} 10. Bb2 {[%clk 0:16:18]} Qc7
{[%clk 0:16:11]} 11. Rc1 {[%clk 0:15:48]} Nc6 {[%clk 0:16:06]} 12. f3
{[%clk 0:15:00]} e5 {[%clk 0:15:09]} 13. e4 {[%clk 0:14:54]} Rd8 {[%clk 0:14:42]}
14. d5 {[%clk 0:13:46]} Na5 {[%clk 0:14:48]} 15. Bd3 {[%clk 0:13:55]} c4
{[%clk 0:14:52]} 16. Bc2 {[%clk 0:13:55]} Nd7 {[%clk 0:14:59]} 17. Qe1
{[%clk 0:13:59]} Nc5 {[%clk 0:14:50]} 18. Rd1 {[%clk 0:13:44]} Nd3
{[%clk 0:13:45]} 19. Bxd3 {[%clk 0:13:53]} cxd3 {[%clk 0:13:54]} 20. Rxd3
{[%clk 0:14:02]} Ba6 {[%clk 0:14:01]} 21. Rd1 {[%clk 0:14:09]} Qc5+
{[%clk 0:13:40]} 22. Rf2 {[%clk 0:14:03]} Nc4 {[%clk 0:12:29]} 23. Bc1
{[%clk 0:14:12]} Bb5 {[%clk 0:12:38]} 24. Bg5 {[%clk 0:13:03]} f6
{[%clk 0:12:44]} 25. Bh4 {[%clk 0:13:12]} Nb2 {[%clk 0:12:32]} 26. h3
{[%clk 0:12:19]} Nxd1 {[%clk 0:11:50]} 27. Qxd1 {[%clk 0:12:28]} Rac8
{[%clk 0:10:55]} 28. a4 {[%clk 0:12:18]} Bxe2 {[%clk 0:10:53]} 29. Qxe2 Qxc3
{[%clk 0:10:56]} 30. Kh2 {[%clk 0:12:36]} Qc4 {[%clk 0:10:47]} 31. Qd1
{[%clk 0:12:17]} Qc1 {[%clk 0:09:22]} 32. Qb3 {[%clk 0:11:50]} Qc3
{[%clk 0:09:31]} 33. Qa2 {[%clk 0:11:46]} Qc4 {[%clk 0:08:18]} 34. Qa3
{[%clk 0:11:51]} Rc5 {[%clk 0:08:27]} 35. Rd2 {[%clk 0:11:49]} h6
{[%clk 0:07:44]} 36. Bf2 {[%clk 0:11:51]} Rcc8 {[%clk 0:07:26]} 37. a5
{[%clk 0:09:07]} b5 {[%clk 0:05:41]} 38. Bxa7 {[%clk 0:09:12]} b4
{[%clk 0:05:50]} 39. Qe3 {[%clk 0:07:41]} Qc3 {[%clk 0:05:00]} 40. Rd3
{[%clk 0:07:30]} Qa1 {[%clk 0:04:55]} 41. Qb6 {[%clk 0:04:38]} Qb1
{[%clk 0:04:21]} 42. Qb5 {[%clk 0:04:34]} Rc2 {[%clk 0:04:10]} 43. d6
{[%clk 0:01:32]} Qf1 {[%clk 0:04:04]} 44. Qd5+ {[%clk 0:01:41]} Kh7
{[%clk 0:04:12]} 45. Rd2 {[%clk 0:01:50]} b3 {[%clk 0:04:21]} 46. Bb6
{[%clk 0:01:43]} b2 {[%clk 0:04:17]} 47. Rxc2 {[%clk 0:00:43]} b1=Q
{[%clk 0:04:25]} 48. Rd2 {[%clk 0:00:48]} h5 {[%clk 0:04:15]} 49. h4
{[%clk 0:00:42]} Qbe1 {[%clk 0:04:09]} 50. Bf2 {[%clk 0:00:43]} Qfxf2
{[%clk 0:04:14]} 51. Rxf2 {[%clk 0:00:52]} Qxf2 {[%clk 0:04:22]} 52. Qe6
{[%clk 0:00:27]} Qxh4+ {[%clk 0:04:27]} 53. Kg1 {[%clk 0:00:36]} Rb8
{[%clk 0:04:34]} 54. Qa2 {[%clk 0:00:41]} Rc8 {[%clk 0:04:16]} 55. Qd2
{[%clk 0:00:29]} Qf4 {[%clk 0:04:16]} 56. Qxf4 {[%clk 0:00:19]} exf4 57. a6 Kg6
{[%clk 0:04:32]} 58. d7 {[%clk 0:00:37]} Rd8 {[%clk 0:04:41]} 59. a7
{[%clk 0:00:46]} Kf7 {[%clk 0:04:50]} 60. Kh2 {[%clk 0:00:53]} Ke7
{[%clk 0:04:59]} 61. Kh3 {[%clk 0:01:02]} g5 {[%clk 0:05:08]} 62. g3
{[%clk 0:01:12]} fxg3 63. Kxg3 {[%clk 0:01:21]} Kxd7 64. f4 Ke6 {[%clk 0:05:31]}
65. f5+ {[%clk 0:01:37]} Ke5 {[%clk 0:05:40]} 66. Kf3 {[%clk 0:01:47]} Ra8
{[%clk 0:05:49]} 67. Ke3 {[%clk 0:01:55]} Rxa7 68. Kd3 Ra3+ {[%clk 0:06:07]} 69.
Kc4 {[%clk 0:02:14]} g4 {[%clk 0:06:16]} 70. Kb4 {[%clk 0:02:24]} Re3
{[%clk 0:06:25]} 71. Kc5 {[%clk 0:02:33]} Rxe4 72. Kc6 g3 {[%clk 0:06:42]} 73.
Kd7 {[%clk 0:02:53]} g2 {[%clk 0:06:51]} 74. Ke7 {[%clk 0:03:02]} Kxf5+
{[%clk 0:07:00]} 75. Kf7 {[%clk 0:03:12]} g1=Q {[%clk 0:07:05]} 76. Kf8
{[%clk 0:03:20]} Qg5 {[%clk 0:07:11]} 77. Kf7 {[%clk 0:03:29]} Qg6+
{[%clk 0:07:21]} 78. Kf8 {[%clk 0:03:38]} Re8# {[%clk 0:07:30]} 0-1

[Event "Russian Rapid Championship (m)"]
[Site "Sochi"]
[Date "2022.10.15"]
[Round "3.14"]
[White "Dzhumagaliev, Yan"]
[Black "Nazaretyan, Tigran"]
[Result "1-0"]
[BlackElo "2216"]
[WhiteElo "2479"]
[LiveChessVersion "1.4.8"]

1. d4 {[%clk 0:15:18]} Nf6 {[%clk 0:15:13]} 2. Nf3 {[%clk 0:15:26]} d6
{[%clk 0:15:08]} 3. g3 {[%clk 0:15:35]} Nbd7 {[%clk 0:15:09]} 4. Bg2
{[%clk 0:15:42]} e5 {[%clk 0:15:14]} 5. O-O {[%clk 0:15:47]} c6 {[%clk 0:15:05]}
6. c4 {[%clk 0:14:55]} Be7 {[%clk 0:14:54]} 7. Nc3 {[%clk 0:15:01]} e4
{[%clk 0:14:50]} 8. Ne1 {[%clk 0:14:15]} d5 {[%clk 0:14:51]} 9. Nc2
{[%clk 0:13:17]} Nb6 {[%clk 0:13:27]} 10. c5 {[%clk 0:12:14]} Nbd7
{[%clk 0:12:49]} 11. b4 {[%clk 0:12:22]} a6 {[%clk 0:12:52]} 12. a4
{[%clk 0:12:30]} h5 {[%clk 0:12:48]} 13. Rb1 {[%clk 0:10:43]} h4 {[%clk 0:12:33]}
14. b5 {[%clk 0:10:44]} Nf8 {[%clk 0:10:23]} 15. bxc6 {[%clk 0:06:17]} bxc6
{[%clk 0:10:27]} 16. Rb6 {[%clk 0:06:26]} Bd7 {[%clk 0:09:45]} 17. Nb4
{[%clk 0:06:09]} Qc8 {[%clk 0:09:28]} 18. a5 {[%clk 0:06:11]} Ne6
{[%clk 0:08:15]} 19. Na4 {[%clk 0:04:58]} Nd8 {[%clk 0:06:51]} 20. Bf4
{[%clk 0:03:11]} Bh3 {[%clk 0:02:55]} 21. Bh1 {[%clk 0:03:12]} hxg3
{[%clk 0:02:22]} 22. fxg3 {[%clk 0:03:16]} Bxf1 {[%clk 0:02:08]} 23. Qxf1
{[%clk 0:03:24]} Ng4 {[%clk 0:02:01]} 24. h3 {[%clk 0:03:03]} g5 {[%clk 0:01:38]}
25. hxg4 {[%clk 0:02:08]} gxf4 {[%clk 0:01:45]} 26. Qxf4 {[%clk 0:02:14]} Rg8
{[%clk 0:01:47]} 27. Bg2 {[%clk 0:01:22]} Rxg4 {[%clk 0:01:48]} 28. Qe5
{[%clk 0:01:30]} Rg8 {[%clk 0:01:34]} 29. Nc3 {[%clk 0:01:01]} Kf8
{[%clk 0:01:34]} 30. Kh2 {[%clk 0:00:28]} f6 {[%clk 0:01:33]} 31. Qh5
{[%clk 0:00:30]} Kg7 {[%clk 0:01:25]} 32. Bh3 {[%clk 0:00:35]} Qc7
{[%clk 0:01:11]} 33. Ncxd5 {[%clk 0:00:44]} cxd5 {[%clk 0:01:07]} 34. Nxd5
{[%clk 0:00:53]} Qa7 {[%clk 0:01:11]} 35. Qg4+ {[%clk 0:00:51]} Kf8
{[%clk 0:01:16]} 36. Qxe4 {[%clk 0:00:57]} Rh8 {[%clk 0:01:02]} 37. Kg2
{[%clk 0:00:47]} Nf7 {[%clk 0:00:51]} 38. Qg6 {[%clk 0:00:25]} Rxh3
{[%clk 0:00:52]} 39. Nf4 {[%clk 0:00:23]} Ng5 {[%clk 0:00:27]} 40. Rxf6+
{[%clk 0:00:19]} Bxf6 {[%clk 0:00:32]} 41. Qxf6+ {[%clk 0:00:28]} Qf7
{[%clk 0:00:34]} 42. Qxg5 {[%clk 0:00:25]} Rh7 {[%clk 0:00:28]} 43. Ng6+
{[%clk 0:00:25]} Ke8 {[%clk 0:00:31]} 44. d5 {[%clk 0:00:22]} Rg7
{[%clk 0:00:19]} 45. Qe5+ {[%clk 0:00:30]} Kd8 {[%clk 0:00:27]} 46. Nf4
{[%clk 0:00:39]} Rg6 {[%clk 0:00:31]} 47. c6 {[%clk 0:00:39]} Rc8
{[%clk 0:00:31]} 48. Nxg6 {[%clk 0:00:27]} Qxg6 49. d6 Rxc6 {[%clk 0:00:42]} 50.
Qe7+ {[%clk 0:00:46]} Kc8 {[%clk 0:00:47]} 51. d7+ {[%clk 0:00:55]} Kb8
{[%clk 0:00:42]} 52. d8=Q+ {[%clk 0:01:03]} Rc8 {[%clk 0:00:51]} 53. Qb6+
{[%clk 0:00:46]} 1-0

[Event "Russian Rapid Championship (m)"]
[Site "Sochi"]
[Date "2022.10.15"]
[Round "3.15"]
[White "Kezin, Roman"]
[Black "Popov, Maksim"]
[Result "1-0"]
[BlackElo "2200"]
[WhiteElo "2471"]
[LiveChessVersion "1.4.8"]

1. d4 {[%clk 0:15:19]} Nf6 {[%clk 0:15:19]} 2. c4 {[%clk 0:15:27]} e6
{[%clk 0:15:27]} 3. Nf3 {[%clk 0:15:35]} d5 {[%clk 0:15:36]} 4. g3
{[%clk 0:15:43]} Bb4+ {[%clk 0:15:45]} 5. Bd2 {[%clk 0:15:51]} Be7
{[%clk 0:15:53]} 6. Bg2 {[%clk 0:16:00]} O-O {[%clk 0:16:02]} 7. O-O
{[%clk 0:16:07]} Nbd7 {[%clk 0:16:10]} 8. Qc2 {[%clk 0:16:14]} c6
{[%clk 0:16:19]} 9. Bf4 {[%clk 0:16:23]} a5 {[%clk 0:16:26]} 10. h4
{[%clk 0:15:31]} h6 {[%clk 0:16:18]} 11. Nbd2 {[%clk 0:14:02]} Nh5
{[%clk 0:16:23]} 12. e3 {[%clk 0:13:55]} Nxf4 {[%clk 0:14:12]} 13. exf4
{[%clk 0:14:03]} b6 {[%clk 0:11:35]} 14. Rfe1 {[%clk 0:13:24]} Bb4
{[%clk 0:10:35]} 15. a3 {[%clk 0:12:18]} Bxd2 {[%clk 0:10:19]} 16. Nxd2
{[%clk 0:12:27]} Ba6 {[%clk 0:09:06]} 17. f5 {[%clk 0:10:08]} exf5
{[%clk 0:08:38]} 18. cxd5 {[%clk 0:09:25]} cxd5 {[%clk 0:08:46]} 19. Qxf5
{[%clk 0:09:30]} Nf6 {[%clk 0:08:52]} 20. Nb1 {[%clk 0:04:33]} Bc4
{[%clk 0:04:34]} 21. Nc3 {[%clk 0:04:40]} b5 {[%clk 0:04:02]} 22. Re5
{[%clk 0:04:34]} g6 {[%clk 0:04:10]} 23. Qf4 {[%clk 0:04:23]} Kg7
{[%clk 0:04:10]} 24. Rae1 {[%clk 0:03:08]} Ra7 {[%clk 0:04:09]} 25. R5e3
{[%clk 0:01:15]} Qd7 {[%clk 0:03:47]} 26. Bf3 {[%clk 0:00:20]} b4
{[%clk 0:03:55]} 27. Nd1 {[%clk 0:00:24]} h5 {[%clk 0:03:28]} 28. Re5
{[%clk 0:00:12]} Rc8 {[%clk 0:02:27]} 29. Ne3 {[%clk 0:00:17]} Rac7
{[%clk 0:01:44]} 30. Nf5+ {[%clk 0:00:16]} Kg8 {[%clk 0:01:14]} 31. Ne7+
{[%clk 0:00:13]} Kg7 {[%clk 0:01:23]} 32. Nxc8 {[%clk 0:00:13]} Qxc8
{[%clk 0:01:32]} 33. axb4 {[%clk 0:00:14]} axb4 {[%clk 0:01:41]} 34. Re7
{[%clk 0:00:21]} Rc6 {[%clk 0:01:41]} 35. Ra7 {[%clk 0:00:28]} Re6
{[%clk 0:00:55]} 36. Rxe6 {[%clk 0:00:36]} Qxe6 {[%clk 0:01:04]} 37. Qe5
{[%clk 0:00:46]} Qc8 {[%clk 0:00:36]} 38. Qe7 {[%clk 0:00:24]} Qg8
{[%clk 0:00:45]} 39. Qxb4 {[%clk 0:00:22]} Bd3 {[%clk 0:00:54]} 40. Qe7
{[%clk 0:00:22]} Bb5 {[%clk 0:00:24]} 41. Bxd5 {[%clk 0:00:12]} Nxd5
{[%clk 0:00:24]} 42. Qe5+ {[%clk 0:00:21]} Nf6 {[%clk 0:00:24]} 43. Qxb5
{[%clk 0:00:30]} Qc8 {[%clk 0:00:18]} 44. Qc5 {[%clk 0:00:30]} Qg4
{[%clk 0:00:21]} 45. Qe5 {[%clk 0:00:22]} Qd1+ {[%clk 0:00:12]} 46. Kg2
{[%clk 0:00:31]} Qd3 {[%clk 0:00:20]} 47. Qe6 {[%clk 0:00:19]} 1-0